[Event "Brasilia Ascade op"]
[Site "Brasilia"]
[Date "2021.11.13"]
[Round "2"]
[White "Magalhaes, Sebastiao Silva Jr"]
[Black "Soares, Renan Barbosa Monte"]
[Result "0-1"]
[WhiteElo "1765"]
[BlackElo "1886"]
[PlyCount "53"]
[EventDate "2021.11.13"]
[EventType "swiss"]
[EventRounds "6"]
[EventCountry "BRA"]
[SourceTitle "CBM 205 Extra"]
[Source "ChessBase"]
[SourceDate "2022.01.31"]
[SourceVersion "1"]
[SourceVersionDate "2022.01.31"]
[SourceQuality "1"]

1. e4 c5 2. Nf3 d6 3. d4 cxd4 4. Nxd4 Nf6 5. Nc3 a6 6. Be2 e5 7. Nb3 Be7 8. Be3 Be6 9. Qd2 0-0 10. f3 Nbd7 11. g4 Rc8 12. h4 b5 13. h5 b4 14. Nd5 Bxd5 15. exd5 a5 16. g5 Ne8 17. Qd3 a4 18. Nd2 Bxg5 19. Ne4 Bxe3 20. Qxe3 h6 21. Rg1 Kh8 22. Kf2 Rxc2 23. Rxg7 Kxg7 24. Rg1+ Kh7 25. Nxd6 Rxe2+ 26. Kxe2 Nxd6 27. Qd3+ 0-1

[Event "Brasilia-ch 53rd"]
[Site "Brasilia"]
[Date "2013.08.16"]
[Round "5"]
[White "Magalhaes, Sebastiao Silva Jr"]
[Black "Da Silva, Amanda Ketley Doura"]
[Result "1-0"]
[WhiteElo "1770"]
[BlackElo "1500"]
[PlyCount "119"]
[EventDate "2013.08.12"]
[EventType "swiss"]
[EventRounds "9"]
[EventCountry "BRA"]
[SourceTitle "CBM 155 Extra"]
[Source "ChessBase"]
[SourceDate "2013.08.26"]
[SourceVersion "1"]
[SourceVersionDate "2013.08.26"]
[SourceQuality "1"]

1. e4 c5 2. c3 d5 3. exd5 Qxd5 4. d4 Nc6 5. Nf3 Bg4 6. Be2 Bxf3 7. Bxf3 Qe6+ 8. Be3 cxd4 9. cxd4 Qc4 10. Nc3 Nb4 11. Be2 Qc7 12. Qa4+ Nc6 13. d5 Qa5 14. dxc6 Qxa4 15. Nxa4 bxc6 16. Bf3 Rc8 17. Rc1 e5 18. Bxc6+ Ke7 19. 0-0 Nf6 20. Bxa7 g6 21. Bc5+ Ke6 22. Bxf8 Rhxf8 23. b4 Rfd8 24. b5 Rd6 25. Bd5+ Kd7 26. Rxc8 Kxc8 27. Rc1+ Kb8 28. Bxf7 Nh5 29. g3 Rd2 30. b6 Nf6 31. Nc3 Rb2 32. a4 Rxb6 33. Rb1 Ka7 34. Rxb6 Kxb6 35. Nd5+ Nxd5 36. Bxd5 Kc5 37. Bb3 Kb4 38. Bd1 e4 39. Kf1 Kc4 40. Ke2 Kd4 41. Bc2 Kc5 42. Bxe4 Kb4 43. Bc6 h6 44. f4 Kc5 45. Bb5 Kb6 46. g4 Ka5 47. h4 Kb6 48. f5 gxf5 49. gxf5 h5 50. f6 Ka5 51. f7 Kb6 52. f8Q Ka5 53. Qh6 Kb4 54. Qxh5 Ka5 55. Qg5 Kb6 56. Kd3 Kc7 57. Qf6 Kb7 58. Qc6+ Ka7 59. Ba6 Kb8 60. Qb7# 1-0

[Event "Brasilia-ch 53rd"]
[Site "Brasilia"]
[Date "2013.08.15"]
[Round "4"]
[White "Magalhaes, Sebastiao Silva Jr"]
[Black "Maciel, Diogo Alves"]
[Result "1/2-1/2"]
[WhiteElo "1770"]
[BlackElo "1593"]
[PlyCount "70"]
[EventDate "2013.08.12"]
[EventType "swiss"]
[EventRounds "9"]
[EventCountry "BRA"]
[SourceTitle "CBM 155 Extra"]
[Source "ChessBase"]
[SourceDate "2013.08.26"]
[SourceVersion "1"]
[SourceVersionDate "2013.08.26"]
[SourceQuality "1"]

1. e4 c5 2. c3 Nf6 3. e5 Nd5 4. Nf3 Nc6 5. Bc4 Nb6 6. Bb3 g6 7. d4 c4 8. Bc2 d5 9. 0-0 Bg7 10. Re1 Be6 11. Bf4 Qd7 12. Ng5 h6 13. Nxe6 Qxe6 14. Nd2 0-0 15. Nf3 Rfe8 16. Qd2 g5 17. Be3 Nd7 18. Qe2 Nf8 19. Nd2 Ng6 20. Qh5 Nb8 21. Rf1 Nd7 22. f4 Qb6 23. b3 gxf4 24. Bxf4 Ndxe5 25. Bxh6 Bxh6 26. Qxh6 Ng4 27. Qg5 cxb3 28. axb3 N4e5 29. Bxg6 Nxg6 30. Qxd5 e6 31. Qf3 Re7 32. Kh1 Rc8 33. b4 Qc6 34. Qxc6 Rxc6 35. c4 Rd7 1/2-1/2

[Event "Brasilia-ch 53rd"]
[Site "Brasilia"]
[Date "2013.08.12"]
[Round "1"]
[White "Magalhaes, Sebastiao Silva Jr"]
[Black "Pompeo, Flavio Sposto"]
[Result "0-1"]
[WhiteElo "1770"]
[BlackElo "2142"]
[PlyCount "64"]
[EventDate "2013.08.12"]
[EventType "swiss"]
[EventRounds "9"]
[EventCountry "BRA"]
[SourceTitle "CBM 155 Extra"]
[Source "ChessBase"]
[SourceDate "2013.08.26"]
[SourceVersion "1"]
[SourceVersionDate "2013.08.26"]
[SourceQuality "1"]

1. e4 g6 2. d4 Bg7 3. Nf3 c5 4. c3 cxd4 5. cxd4 d6 6. Nc3 Nf6 7. Be2 b6 8. 0-0 0-0 9. Be3 Bb7 10. Qc2 Nbd7 11. Rfd1 Rc8 12. e5 Nd5 13. exd6 Nxe3 14. fxe3 exd6 15. Qa4 a6 16. e4 b5 17. Qb4 Nf6 18. e5 Ng4 19. Rd3 dxe5 20. dxe5 Qb6+ 21. Qd4 Qxd4+ 22. Rxd4 Bxf3 23. Bxf3 Nxe5 24. Rd6 Nxf3+ 25. gxf3 b4 26. Na4 Rc2 27. a3 Be5 28. Rxa6 bxa3 29. Rxa3 Rd8 30. Ra1 Rdd2 31. Ra8+ Kg7 32. Re1 Rg2+ 0-1

[Event "Brasilia Viva Caissa op"]
[Site "Brasilia"]
[Date "2013.05.24"]
[Round "1"]
[White "Magalhaes, Sebastiao Silva Jr"]
[Black "Da Silva, Amanda Ketley Doura"]
[Result "1-0"]
[WhiteElo "1788"]
[BlackElo "1761"]
[PlyCount "67"]
[EventDate "2013.05.24"]
[EventType "swiss"]
[EventRounds "5"]
[EventCountry "BRA"]
[SourceTitle "CBM 154 Extra"]
[Source "ChessBase"]
[SourceDate "2013.06.25"]
[SourceVersion "2"]
[SourceVersionDate "2013.06.25"]
[SourceQuality "1"]

1. e4 c5 2. c3 d6 3. d4 cxd4 4. cxd4 Nf6 5. Nc3 e6 6. Nf3 Qb6 7. Bc4 Nc6 8. 0-0 Be7 9. Re1 0-0 10. d5 Ne5 11. Nxe5 dxe5 12. Bb3 Rd8 13. Be3 Qa5 14. Bg5 Nxd5 15. exd5 Bxg5 16. d6 b6 17. Ne4 Bh6 18. Qd3 f5 19. Nc3 Ba6 20. Qxf5 Kh8 21. Qxe6 Re8 22. Qf5 Qc5 23. Ne4 Qd4 24. Rad1 Qxb2 25. d7 Rf8 26. Qxf8+ Rxf8 27. d8Q g6 28. Qh4 Bg7 29. Rd8 Qa3 30. Red1 Qb4 31. Rxf8+ Bxf8 32. Qf6+ Bg7 33. Rd8+ Qf8 34. Rxf8# 1-0

[Event "Brasilia Nascimento op"]
[Site "Brasilia"]
[Date "2013.04.20"]
[Round "2"]
[White "Magalhaes, Sebastiao Silva Jr"]
[Black "Nascimento, Pedro Henrique Alve"]
[Result "0-1"]
[WhiteElo "1788"]
[BlackElo "1797"]
[PlyCount "158"]
[EventDate "2013.04.19"]
[EventType "swiss"]
[EventRounds "5"]
[EventCountry "BRA"]
[SourceTitle "EXT 2015"]
[Source "ChessBase"]
[SourceDate "2014.11.20"]
[SourceVersion "1"]
[SourceVersionDate "2014.11.20"]
[SourceQuality "1"]

1. e4 c5 2. c3 Nf6 3. e5 Nd5 4. Nf3 g6 5. d4 cxd4 6. cxd4 Bg7 7. Nc3 Nb6 8. Be2 0-0 9. 0-0 d6 10. Bf4 Nc6 11. Re1 dxe5 12. dxe5 Bf5 13. a3 a6 14. h3 Qc7 15. Nd5 Nxd5 16. Qxd5 Be6 17. Qc5 Rfd8 18. Red1 Rac8 19. Rac1 Bf8 20. Rxd8 Qxd8 21. Rd1 Qc7 22. Nd4 Nxd4 23. Qxd4 Bb3 24. Rc1 Qd8 25. Qxd8 Rxd8 26. Rc7 Bd5 27. Bg5 Bc6 28. Bxa6 h6 29. Bh4 g5 30. Bg3 Bxg2 31. Kxg2 bxa6 32. Ra7 Rb8 33. Rxa6 Rxb2 34. Ra8 e6 35. h4 Kg7 36. a4 Bc5 37. hxg5 hxg5 38. Kf3 Kg6 39. a5 Kf5 40. a6 Ra2 41. Rc8 Bd4 42. Rf8 Kg6 43. Rg8+ Kh7 44. Ra8 Kg6 45. Rg8+ Kf5 46. Rf8 Ra3+ 47. Kg2 Kg6 48. Rg8+ Kh7 49. Ra8 Ra5 50. Kh3 Bxe5 51. Bxe5 Rxe5 52. a7 Ra5 53. Kg3 Kg7 54. Kg4 Kf6 55. Kg3 Kf5 56. Kg2 f6 57. Kg3 e5 58. Kg2 e4 59. Kg3 Ra3+ 60. Kg2 g4 61. Kh2 Rh3+ 62. Kg2 Rh7 63. Kg3 Rf7 64. Rg8 Rxa7 65. Rxg4 Ra3+ 66. Kh4 Rf3 67. Rg2 Ra3 68. Rg3 Rxg3 69. Kxg3 Ke5 70. Kg2 Kd4 71. Kg3 Ke5 72. Kg2 Kf4 73. Kf1 Kf3 74. Ke1 f5 75. Kf1 e3 76. fxe3 Kxe3 77. Ke1 Kf3 78. Kf1 f4 79. Kg1 Ke2 0-1

[Event "Brasilia Nascimento op"]
[Site "Brasilia"]
[Date "2013.04.19"]
[Round "1"]
[White "Rezende, Guilherme Vilela"]
[Black "Magalhaes, Sebastiao Silva Jr"]
[Result "1-0"]
[WhiteElo "1994"]
[BlackElo "1788"]
[PlyCount "29"]
[EventDate "2013.04.19"]
[EventType "swiss"]
[EventRounds "5"]
[EventCountry "BRA"]
[SourceTitle "EXT 2015"]
[Source "ChessBase"]
[SourceDate "2014.11.20"]
[SourceVersion "1"]
[SourceVersionDate "2014.11.20"]
[SourceQuality "1"]

1. Nf3 d5 2. c4 c6 3. b3 Nf6 4. Bb2 g6 5. e3 Bg7 6. Be2 0-0 7. 0-0 Nbd7 8. cxd5 cxd5 9. d4 Ne4 10. Nbd2 Ndf6 11. Ne5 Qa5 12. Nxe4 Nxe4 13. Kh1 f6 14. Nd3 Nc3 15. Qd2 1-0

[Event "BRA-ch Serie C"]
[Site "Brasilia"]
[Date "2013.04.14"]
[Round "5.6"]
[White "De Moura, Lazaro Eustaquio"]
[Black "Magalhaes, Sebastiao Silva Jr"]
[Result "1/2-1/2"]
[WhiteElo "1800"]
[BlackElo "1788"]
[PlyCount "61"]
[EventDate "2013.04.12"]
[EventType "swiss"]
[EventRounds "5"]
[EventCountry "BRA"]
[SourceTitle "EXT 2022"]
[Source "ChessBase"]
[SourceDate "2021.10.06"]
[SourceVersion "1"]
[SourceVersionDate "2021.10.06"]
[SourceQuality "1"]

1. d4 d5 2. c4 dxc4 3. Nc3 a6 4. a4 Nf6 5. e4 e5 6. d5 Bc5 7. h3 c6 8. Bxc4 cxd5 9. exd5 Qb6 10. Qe2 0-0 11. a5 Qd6 12. Bg5 Bf5 13. Nf3 Nbd7 14. 0-0 Rfe8 15. Nh4 Bg6 16. Nxg6 hxg6 17. Be3 Rac8 18. Bb3 e4 19. Rfe1 Ne5 20. Qd2 Nd3 21. Na4 Bb4 22. Nc3 Bxc3 23. bxc3 Nxd5 24. Bd4 Kh8 25. Qg5 Nxc3 26. Bxc3 Rxc3 27. Bxf7 Re5 28. Qxg6 Qxg6 29. Bxg6 Re6 30. Bf5 Re5 31. Bg6 1/2-1/2

[Event "BRA-ch sf"]
[Site "Brasilia"]
[Date "2012.06.16"]
[Round "1"]
[White "Barbalho, Gilsomar Silva"]
[Black "Magalhaes, Sebastiao Silva Jr"]
[Result "1-0"]
[WhiteElo "1983"]
[BlackElo "1778"]
[PlyCount "45"]
[EventDate "2012.06.16"]
[EventType "swiss"]
[EventRounds "6"]
[EventCountry "BRA"]
[SourceTitle "EXT 2014"]
[Source "ChessBase"]
[SourceDate "2013.11.20"]
[SourceVersion "1"]
[SourceVersionDate "2013.11.20"]
[SourceQuality "1"]

1. e4 e5 2. Nf3 Nc6 3. Bb5 a6 4. Ba4 Nf6 5. 0-0 Be7 6. Re1 b5 7. Bb3 d6 8. c3 Na5 9. Bc2 c5 10. h3 0-0 11. d4 Qc7 12. Nbd2 Bb7 13. d5 Rac8 14. Nf1 b4 15. Ne3 Qb6 16. Nh4 c4 17. Nhf5 Rfe8 18. Ng4 Nd7 19. Ngh6+ Kf8 20. Nxg7 Bh4 21. Be3 Qd8 22. Nxe8 Kxe8 23. cxb4 1-0

[Event "BRA-ch sf"]
[Site "Brasilia"]
[Date "2012.05.20"]
[Round "3"]
[White "Sales de Oliveira, Allyson"]
[Black "Magalhaes, Sebastiao Silva Jr"]
[Result "0-1"]
[WhiteElo "1739"]
[BlackElo "1778"]
[PlyCount "74"]
[EventDate "2012.05.19"]
[EventType "swiss"]
[EventRounds "7"]
[EventCountry "BRA"]
[SourceTitle "CBM 148 Extra"]
[Source "ChessBase"]
[SourceDate "2012.06.22"]
[SourceVersion "1"]
[SourceVersionDate "2012.06.22"]
[SourceQuality "1"]

1. e4 e5 2. Nf3 Nc6 3. Bb5 a6 4. Ba4 Nf6 5. 0-0 Be7 6. Re1 b5 7. Bb3 d6 8. h3 0-0 9. c3 Bb7 10. d4 h6 11. d5 Na5 12. Nbd2 Nxb3 13. Nxb3 Re8 14. Na5 Rb8 15. Nh4 c5 16. dxc6 Qxa5 17. cxb7 Rxb7 18. Re2 Qd8 19. Nf5 Rd7 20. Qb3 d5 21. exd5 Rxd5 22. Nxe7+ Rxe7 23. Be3 Red7 24. Ree1 Ne4 25. Bb6 Qxb6 26. Rxe4 Rd2 27. Rf1 Qd6 28. Qb4 Qd5 29. Ra1 f5 30. Ree1 Kh7 31. Qf8 Qe6 32. Qc5 R7d5 33. Qa3 e4 34. Qb3 Qb6 35. Rf1 e3 36. fxe3 Qxe3+ 37. Kh1 Rxg2 0-1

[Event "BRA-ch Amador"]
[Site "Brasilia"]
[Date "2012.03.31"]
[Round "5"]
[White "Saenko, Gennady"]
[Black "Magalhaes, Sebastiao Silva Jr"]
[Result "1-0"]
[WhiteElo "1856"]
[BlackElo "1786"]
[PlyCount "87"]
[EventDate "2012.03.24"]
[EventType "swiss"]
[EventRounds "7"]
[EventCountry "BRA"]
[SourceTitle "EXT 2014"]
[Source "ChessBase"]
[SourceDate "2013.11.20"]
[SourceVersion "1"]
[SourceVersionDate "2013.11.20"]
[SourceQuality "1"]

1. c4 e5 2. Nc3 Nf6 3. Nf3 Nc6 4. g3 Bb4 5. Bg2 0-0 6. 0-0 d6 7. Nd5 Bc5 8. d3 h6 9. Nd2 a6 10. Nxf6+ Qxf6 11. Ne4 Qe6 12. Nxc5 dxc5 13. b3 Bd7 14. Bb2 Nd8 15. Qd2 Bc6 16. Qe3 Bxg2 17. Kxg2 Qc6+ 18. Qf3 Qxf3+ 19. Kxf3 f6 20. Kg2 Ne6 21. Rad1 Rfd8 22. f4 exf4 23. gxf4 Re8 24. e4 Nd4 25. Bxd4 cxd4 26. c5 a5 27. Rc1 g5 28. fxg5 fxg5 29. Rf5 Rf8 30. Rcf1 Rxf5 31. Rxf5 c6 32. Rf6 Re8 33. Rf5 Kg7 34. Kf3 Kg6 35. Kg3 Re7 36. Rf2 Re5 37. Rc2 h5 38. Rc4 Kf6 39. a3 Re8 40. Rxd4 Ke5 41. Rd7 Ke6 42. Rd6+ Ke5 43. Kf3 Rf8+ 44. Ke3 1-0

[Event "BRA-ch Amateur"]
[Site "Goiania"]
[Date "2012.02.20"]
[Round "5"]
[White "Magalhaes, Sebastiao Silva Jr"]
[Black "Jorge, Denrick Cabral Jose"]
[Result "0-1"]
[WhiteElo "1761"]
[BlackElo "1936"]
[PlyCount "72"]
[EventDate "2012.02.18"]
[EventType "swiss"]
[EventRounds "7"]
[EventCountry "BRA"]
[SourceTitle "CBM 147 Extra"]
[Source "ChessBase"]
[SourceDate "2012.04.24"]
[SourceVersion "1"]
[SourceVersionDate "2012.04.24"]
[SourceQuality "1"]

1. e4 c5 2. Nf3 d6 3. Bb5+ Bd7 4. Bxd7+ Qxd7 5. 0-0 g6 6. Re1 e5 7. c3 Bg7 8. d4 Ne7 9. Na3 exd4 10. cxd4 0-0 11. Be3 b6 12. Qd2 Rd8 13. Rac1 Nbc6 14. b3 Qb7 15. d5 Nb4 16. Nb1 Qa6 17. Re2 Qb7 18. a3 Na6 19. Nc3 b5 20. Na2 Nc7 21. Rc2 a5 22. Nc1 Ne8 23. Qd3 a4 24. Bd2 axb3 25. Qxb3 Ra4 26. Ra2 Rda8 27. Bc3 Bxc3 28. Qxc3 Qa6 29. Re3 b4 30. Qd3 c4 31. Qe2 b3 32. Rb2 Rxa3 33. Nd4 Ra2 34. Nxa2 bxa2 35. Nc2 a1Q+ 36. Nxa1 Qxa1+ 0-1

[Event "BRA-ch Amateur"]
[Site "Goiania"]
[Date "2012.02.19"]
[Round "3"]
[White "Magalhaes, Sebastiao Silva Jr"]
[Black "Mariano, Marceley Martins"]
[Result "0-1"]
[WhiteElo "1761"]
[BlackElo "2084"]
[PlyCount "42"]
[EventDate "2012.02.18"]
[EventType "swiss"]
[EventRounds "7"]
[EventCountry "BRA"]
[SourceTitle "CBM 147 Extra"]
[Source "ChessBase"]
[SourceDate "2012.04.24"]
[SourceVersion "1"]
[SourceVersionDate "2012.04.24"]
[SourceQuality "1"]

1. e4 c5 2. Nf3 d6 3. Nc3 Nf6 4. d4 cxd4 5. Nxd4 a6 6. Be2 e5 7. Nb3 Be6 8. Be3 Nbd7 9. 0-0 Be7 10. f4 exf4 11. Bxf4 0-0 12. Kh1 Ne5 13. Qe1 Rc8 14. Rd1 Qc7 15. Nd4 b5 16. Bxe5 dxe5 17. Nxe6 fxe6 18. Bd3 Qc6 19. a3 Ng4 20. Rd2 Rxf1+ 21. Qxf1 Rf8 0-1

[Event "BRA-ch sf"]
[Site "Brasilia"]
[Date "2011.11.02"]
[Round "8"]
[White "Magalhaes, Sebastiao Silva Jr"]
[Black "Figueiredo, Wagner Primo Jr"]
[Result "0-1"]
[WhiteElo "1778"]
[BlackElo "1700"]
[PlyCount "108"]
[EventDate "2011.10.29"]
[EventType "swiss"]
[EventRounds "8"]
[EventCountry "BRA"]
[SourceTitle "EXT 2012"]
[Source "ChessBase"]
[SourceDate "2011.11.24"]
[SourceVersion "1"]
[SourceVersionDate "2011.11.24"]
[SourceQuality "1"]

1. e4 e5 2. Nf3 Nc6 3. Bb5 Nf6 4. 0-0 d6 5. Re1 Bd7 6. c3 a6 7. Ba4 g6 8. d4 Bg7 9. Bxc6 Bxc6 10. dxe5 dxe5 11. Nxe5 Qxd1 12. Rxd1 Bxe4 13. Re1 0-0 14. Nd2 Bf5 15. Ndf3 Rfe8 16. Bf4 Nd5 17. Bg3 Nb6 18. Nd4 Be6 19. Nxe6 Rxe6 20. Nf3 Rae8 21. Bxc7 Na4 22. Rxe6 Rxe6 23. Nd4 Bxd4 24. cxd4 Nxb2 25. d5 Re7 26. d6 Rd7 27. Rc1 Nd3 28. Rc3 Nf4 29. Kf1 Nd5 30. Rc1 Nf6 31. f3 Ne8 32. Ke2 Nxd6 33. Bxd6 Rxd6 34. Rc2 Rc6 35. Rb2 b6 36. Kd2 Kf8 37. Ke2 Ke7 38. Rd2 Rd6 39. Rc2 Kd7 40. Rb2 Kc6 41. Rc2+ Kb7 42. Rb2 Rd5 43. Rc2 b5 44. Ke3 Kb6 45. Ke4 Rc5 46. Rd2 f6 47. Rd6+ Rc6 48. Rd2 b4 49. Rb2 Kb5 50. a3 a5 51. axb4 axb4 52. Kd3 Ka4 53. Ra2+ Kb3 54. Rf2 Rc3+ 0-1

[Event "BRA-ch sf"]
[Site "Brasilia"]
[Date "2011.10.30"]
[Round "4"]
[White "Magalhaes, Sebastiao Silva Jr"]
[Black "Mendes, Antonio Daniel Nobr"]
[Result "0-1"]
[WhiteElo "1778"]
[BlackElo "2030"]
[PlyCount "34"]
[EventDate "2011.10.29"]
[EventType "swiss"]
[EventRounds "8"]
[EventCountry "BRA"]
[SourceTitle "EXT 2012"]
[Source "ChessBase"]
[SourceDate "2011.11.24"]
[SourceVersion "1"]
[SourceVersionDate "2011.11.24"]
[SourceQuality "1"]

1. e4 c5 2. Nf3 Nc6 3. d4 cxd4 4. Nxd4 Nf6 5. Nc3 e5 6. Nb3 Bb4 7. Bd3 d5 8. Bd2 Bxc3 9. Bxc3 dxe4 10. Be2 Qe7 11. Qd2 Bf5 12. 0-0-0 0-0 13. h3 Rfd8 14. Qe3 Nd5 15. Qg3 Nxc3 16. Qxc3 Nb4 17. Kb1 Rdc8 0-1

[Event "Brazil Xadrez Brasil op"]
[Site "Brazil"]
[Date "2010.11.15"]
[Round "6"]
[White "Martins, Romildo Magalhaes"]
[Black "Magalhaes, Sebastiao Silva Jr"]
[Result "1/2-1/2"]
[WhiteElo "2030"]
[BlackElo "1763"]
[PlyCount "65"]
[EventDate "2010.11.12"]
[EventType "swiss"]
[EventRounds "7"]
[EventCountry "BRA"]
[SourceTitle "EXT 2013"]
[Source "ChessBase"]
[SourceDate "2012.11.22"]
[SourceVersion "1"]
[SourceVersionDate "2012.11.22"]
[SourceQuality "1"]

1. e4 e5 2. Nf3 Nc6 3. d4 exd4 4. Bc4 Bc5 5. 0-0 Nf6 6. Re1 0-0 7. Bg5 d6 8. c3 dxc3 9. Nxc3 Bb4 10. Qb3 Bxc3 11. Qxc3 Re8 12. Rad1 Qe7 13. Kh1 Bg4 14. e5 dxe5 15. Rd3 Bxf3 16. Rxf3 Rad8 17. Rf5 Qb4 18. Qxb4 Nxb4 19. h3 Nc6 20. Bxf6 gxf6 21. Rxf6 Re7 22. Re3 Rd6 23. Rg3+ Kf8 24. Rxd6 cxd6 25. Bd5 Nb4 26. Be4 f6 27. a3 d5 28. Bxh7 Rxh7 29. axb4 d4 30. Kg1 e4 31. Kf1 Rc7 32. Rg4 Rc1+ 33. Ke2 1/2-1/2